| 000 | 01458nam a2200301 a 4500 | ||
|---|---|---|---|
| 001 | 61769 | ||
| 003 | BD-RjUL | ||
| 005 | 20211209081012.0 | ||
| 008 | 170121s2005 bg a s o000 0|eng|| | ||
| 020 |
_a9845085520 _c: Tk. 500.00 Inland |
||
| 035 | _a(BD-RjUL) 61893 | ||
| 040 |
_aDLC _cDLC _dDLC _dBD-RjUL _beng |
||
| 041 | 0 | _aengben | |
| 082 |
_223 _a304.6095492021 _bJOY 2005 (ZS) |
||
| 110 |
_aBangladesh Bureau of Statistics. _9179266 |
||
| 245 | 1 | 0 |
_aBangladesh population census-2001 = বাংলাদেশ আদমশুমারি-২০০১ : _bZila series, Zila: Joypurhat = জেলা সিরিজ, জেলা: জয়পুরহাট / _cBangladesh Bureau of Statistics. |
| 246 |
_aবাংলাদেশ আদমশুমারি-২০০১ : _bজেলা সিরিজ, জেলা : জয়পুরহাট |
||
| 260 |
_aDhaka : _bBangladesh Bureau of Statistics, _c2005. |
||
| 300 |
_axvi, 237 p. : _bill. ; _c28 cm. |
||
| 490 | _aZila series, Zila: Joypurhat | ||
| 490 | _aজেলা সিরিজ, জেলা: জয়পুরহাট | ||
| 500 | _aPrefatory matter in Bengali and English. | ||
| 651 |
_aBangladesh _zJoypurhat _vcensus, 2001 _9183913 |
||
| 651 |
_aBangladesh _zJoypurhat _xPopulation _vStatistics _9183914 |
||
| 830 |
_aZila series, Zila: Joypurhat _9182087 |
||
| 830 |
_aজেলা সিরিজ, জেলা: জয়পুরহাট _9184130 |
||
| 942 |
_2ddc _cRAR |
||
| 999 |
_c61769 _d61769 |
||